Nuevo derecho de las infraestructuras

Detalles Bibliográficos
Autor Corporativo: Ariǫ & Almoguera, Abogados
Otros Autores: Izquierdo, Rafael
Formato: Desconocido
Lenguaje:español
Publicado: Madrid : Montecorvo, 2001
Materias:
Acceso en línea:Acceso restringido

MARC

LEADER 00000ny a22000003n 4500
005 2011060707587.0
008 020321s2001 sp s 000 0 spa c
017 |a D.L. M.16215-2001 
020 |a 8471114011 
035 |a 1725 
040 |a UMA.CEE  |d vLex 
040 |a UMA.RE  |d vLex 
080 |a 338.49:34 
090 |c 544  |d 544 
245 0 0 |a Nuevo derecho de las infraestructuras  |h [Recurso electrn̤ico]  |c Ariǫ & Almoguera, abogados (eds.) ; estudio preliminar por Rafael Izquierdo 
256 |a Servicio en ln̕ea 
260 |a Madrid :  |b Montecorvo,  |c 2001 
300 |a 283 p. ;  |c 24 cm 
506 1 |a Contenido solo disponible en los productos indicados  |d vLex Global  |d vLex Global (Academic Edition, excluding Law Schools)  |d vLex Global (U.S. Academic Edition, Law Schools)  |d vLex Global (U.S. Academic Edition, excluding Law Schools)  |d vLex Global (Academic Edition, Law Schools) 
650 0 7 |a Administrativo  |2 Tesauro vLex 
650 0 7 |a Actividad administrativa  |2 Tesauro vLex 
650 0 7 |a Acto administrativo  |2 Tesauro vLex 
650 0 7 |a Infraestructura urbana  |2 Tesauro vLex 
700 1 |a Izquierdo, Rafael 
710 2 |a Ariǫ & Almoguera, Abogados 
740 0 |a vLex Libros (Servicios en ln̕ea) 
856 4 0 |u http://vlex.com/source/1725  |z Acceso restringido 
942 |c BOOK 
999 0 |a Administrative law  |b Madrid